| 000 -CABECERA |
| Longitud fija campo de control |
00662nam a22001697a 4500 |
| 003 - IDENTIFICADOR DEL NÚMERO DE CONTROL |
| Identificador del número de control |
OSt |
| 005 - FECHA Y HORA DE LA ÚLTIMA TRANSACCIÓN |
| Fecha y hora de la última transacción |
20130926122227.0 |
| 008 - CÓDIGOS DE INFORMACIÓN DE LONGITUD FIJA |
| Códigos de información de longitud fija |
130531s1948 sp ||||| |||| 00| 0 spa d |
| 040 ## - FUENTE DE LA CATALOGACIÓN |
| Centro transcriptor |
CDMR |
| 100 1# - PUNTO DE ACCESO PRINCIPAL-NOMBRE DE PERSONA |
| 9 (RLIN) |
3607 |
| Nombre de persona |
Masriera, Luis |
| 245 14 - MENCIÓN DE TÍTULO |
| Título |
Una biografía de D. Manuel Rodríguez Codolá |
| Mención de responsabilidad, etc. |
D. Luis Masriera |
| 260 ## - PUBLICACIÓN, DISTRIBUCIÓN, ETC. (PIE DE IMPRENTA) |
| Lugar de publicación, distribución, etc. |
Barcelona |
| Nombre del editor, distribuidor, etc. |
Real Academia Catalana de Bellas Artes de San Jorge |
| Fecha de publicación, distribución, etc. |
1948 |
| 300 ## - DESCRIPCIÓN FÍSICA |
| Extensión |
10 p. |
| 500 ## - NOTA GENERAL |
| Nota general |
Transcripció del parlament de Luis Masriera a la sessió pública del dia 5 de juny de 1948 a la Real Academia Catalana de Bellas Artes de San Jorge |
| 600 1# - PUNTO DE ACCESO ADICIONAL DE MATERIA - NOMBRE DE PERSONA |
| 9 (RLIN) |
3606 |
| Nombre de persona |
Rodríguez Codolá, Manuel |
| Fechas asociadas al nombre |
1872-1946 |
| Subdivisión de forma (R ) |
Biografia |
| 942 ## - ENTRADA DE ELEMENTOS AGREGADOS (KOHA) |
| Fuente de clasificaión o esquema |
|
| Koha [por defecto] tipo de item |
Fullets |